00549nam a2200181 u 45000010006000000050017000060080041000230350010000640350021000740410008000950820008001031000037001112450107001482600034002553000018002896500037003076500023003446083420260428111331.0960313s1990 spa  a60834 a(OCoLC)778181445 aspa 4a33610aHurtado Henao, Gabriel4auteaut10aLa otra contabilidad : impuesto al valor agregado, iva : su manejo contable, de lo informal a lo legal aMedellín :bSusaeta,c1990. a192 páginas 7aImpuestos sobre las ventas2lemb 7aContabilidad2lemb